000 00840nam a2200241Ia 4500
999 _c38284
_d38284
003 GCL
005 20240530103310.0
008 140319s9999 xx 000 0 ara d
040 _aGCL /
_cGCL
082 0 4 _221
_a932/
_bق/ب ح
100 1 _aبترى، و.م فلندرز
245 1 2 _aالحياة الاجتماعية فى مصر القديمة /
_cتاليف و.م فلندرز بترى ؛ عبدالمنعم عبدالحليم
300 _a323 ص
650 0 4 _aالاحوال الاجتماعية
650 0 4 _aالعادات والتقاليد
650 0 4 _aالمرأة فى مصر
650 0 4 _aمصر القديمة
650 0 4 _aالضرائب
650 0 4 _aالحضارة الفرعونية
700 1 _aحسن محمد جوهر (مترجم)
700 1 _aعبدالمنعم عبدالحكيم
942 _2ddc
_cBK